Diseño de sistema de abastecimiento de agua potable y saneamiento en las comunidades el caco, los caraos y la perla en el municipio de achuapa, departamento de León
Diseño del sistema de abastecimiento de agua potable y saneamiento en las comunidades El Cacao, Los Caraos y La Perla el municipio de Achuapa, departamento de León: prestando colaboracion conjunta con El Nuevo FISE se realizo un censo poblacional y un estudio socioeconomico a las 236 viviendas en...
| Main Authors: | , , |
|---|---|
| Other Authors: | |
| Format: | Tesis Section = Libro |
| Language: | Undetermined Spanish |
| Published: |
Managua
UNI
2019
|
| Subjects: |
| LEADER | 01401nam a2200301Ia 4500 | ||
|---|---|---|---|
| 008 | 240830s9999 xx 000 0 und d | ||
| 040 | |a BIBLIOTECA-RUPAP Mon 628.72 C149 | ||
| 041 | |a spa | ||
| 082 | |a Mon 628.72 C149 | ||
| 100 | 1 | |a Calero, Abner Noé | |
| 100 | 1 | |b Casco García, Edgard Hernaldo | |
| 100 | 1 | |c Miranda Pérez, Ricardo Antonio | |
| 245 | 1 | 0 | |a Diseño de sistema de abastecimiento de agua potable y saneamiento en las comunidades el caco, los caraos y la perla en el municipio de achuapa, departamento de León |
| 260 | |a Managua |b UNI |c 2019 | ||
| 300 | |a 87 p. :il. | ||
| 500 | |a Contiene: Anexos y CD | ||
| 502 | |a Tesis (Ingeniero Civil)- UNI, 2019. | ||
| 520 | 3 | |a Diseño del sistema de abastecimiento de agua potable y saneamiento en las comunidades El Cacao, Los Caraos y La Perla el municipio de Achuapa, departamento de León: prestando colaboracion conjunta con El Nuevo FISE se realizo un censo poblacional y un estudio socioeconomico a las 236 viviendas en las tres comunidades, l acual se traduce en una poblacion de 943 habitantes. | |
| 650 | 7 | |a ABASTECIMIENTO DE AGUA POTABLE | |
| 650 | 7 | |b SUMINISTRO DE AGUA | |
| 650 | 7 | |c CONSUMO DE AGUA | |
| 650 | 7 | |d ACUEDUCTO- DESEÑO Y CONSTRUCCION | |
| 650 | 7 | |e CALIDAD DEL AGUA | |
| 650 | 7 | |f SANEAMIENTO | |
| 700 | 1 | |a Tutor: |b Baltodano Maldonado, José Ángel | |
| 942 | |c BK |2 ddc | ||
| 991 | |a TESIS | ||
| 999 | |c 16465 | ||